|
|
|
|
| LEADER |
00000nab a2200000 a 4500 |
| 001 |
vtls000370536 |
| 003 |
SK-MaSNL |
| 005 |
20260303002430.0 |
| 008 |
111202c1990 xo 0 slo |
| 015 |
|
|
|a SNBRB19rr/mm-uuuuu
|
| 035 |
|
|
|a CL0370658
|
| 040 |
|
|
|a SNKBUCL
|b slo
|c SNKBUCL
|e AACR2
|
| 041 |
0 |
|
|a slo
|
| 044 |
|
|
|a xo
|c SK
|
| 080 |
|
|
|a 82:929:883
|2 1981
|
| 080 |
|
|
|a 929
|2 1981
|
| 080 |
|
|
|a 883
|2 1981
|
| 080 |
|
|
|a 929 Vyšnja, Ostap
|2 1981
|
| 100 |
1 |
|
|a Kolin, D.
|4 aut
|9 979098
|
| 245 |
1 |
0 |
|a Anjel satiry a humoru
|b K 100. výročiu narodenia spisovateľa Ostapa Višňu
|c D. Kolin, S. Chazanov ; Ostap Višňa
|
| 300 |
|
|
|b Fot. 1.
|
| 500 |
|
|
|a Prevzaté z čas. Lit. Rossija, 45/89, Moskva.
|
| 600 |
1 |
7 |
|a Vyšnja, Ostap,
|d 1889-1956
|2 snkbucl
|9 343085
|
| 655 |
|
7 |
|a články z novín a časopisov
|2 snkbucl
|9 267496
|
| 655 |
|
7 |
|a články z odboru literárna veda a krásna literatúra
|2 snkbucl
|9 770045
|
| 700 |
1 |
|
|a Chazanov, S.
|4 aut
|9 979099
|
| 773 |
0 |
|
|t Express
|g Roč. /21/, č. 1 (1990), s. 17
|
| 850 |
|
|
|a Slovenská národná knižnica v Martine
|a MTA001
|
| 852 |
|
|
|a SNK
|b KIS3GCP
|
| 958 |
|
|
|a RK
|
| 958 |
|
|
|a LX
|
| 992 |
|
|
|a RBX
|
| 999 |
|
|
|c 1567921
|d 1569851
|